000 00242nam a2200097Ia 4500
001 686104
005 20250826161530.0
008 250824s9999 xx 000 0 und d
245 0 _aGENÇLERİ ANLAMAK
_cHALUK YAVUZER
260 _bREMZİ KİTABEVİ
999 _c686104
_d686104